1205 1708 1302 1021 1654 1544 1827 1539 1764 1370 1131 1710 1212 1955 1217 1644 1310 1735 1581 1868 1109 1720 1889 1633 1668 1933 1131 1612 1019 1078 1145 1659 1073 1068 1149 1888 1348 1196 1866 1889 1832 1333 1463 1307 1512 1719 1107 1112 1772 1835 1116 1180 1330 1702 1206 1729 1411 1001 1008 1356 1695 1177 1453 1984 1469 1145 1540 1051 1703 1065 1342 1948 1858 1626 1258 1386 1057 1756 1852 1734 1558 1908 1205 1969 1711 1818 1829 1806 1715 1552 1414 1927 1500 1981 1422 1673 1593 1078 1539 BCNSPRNW ULIB Ver.6.0+V

เปลี่ยนเป็นภาษาไทย

Change to English
 แสดงรายละเอียดบรรณานุกรม
  กลับหน้าหลัก

Brief Record : Get Marc (ISO 2709) : E-mail record : QR code < ปิดหน้าต่าง
LEADER : 00000nam 2200000uu 4500
001    13399124810
003     ULIB
008    020711s2559 th a 000 0 tha d
020    9789740334507
060    WY161^bข275ก
100    ขวัญฤทัย พันธุ
245    การรักษาแผลกดทับสำหรับพยาบาล/^cขวัญฤทัย พันธุ
250    พิมพ์ครั้งที่ 1
260    กรุงเทพฯ :^bสำนักพิมพ์จุฬาลงกรณ์มหาวิทยาลัย,^c2559
300    130 หน้า;^b21 ซม.
650    แผลกดทับ^xการพยาบาล
945    ^p150^l0^i23291
945    ^p150^l0^i23292
945    ^p150^l0^i23293
945    ^p150^l0^i27980
945    ^p150^l0^i27981
945    ^p150^l0^i27982
945    ^p150^l0^i27983
945    ^p150^l0^i27984
999    ^aกัณชพร จุลอักษร
รายการนี้ยังไม่มีแท็ก
คุณยังไม่ได้ล็อกอิน คุณสามารถมีกิจกรรมร่วมกับเว็บไซต์ได้ แต่ต้องล็อกอินก่อน ::
  ล็อกอิน

รายการสื่อสารสนเทศ

ลำดับที่ ประเภท เลขเรียก/บาร์โค้ด สถานที่ สถานะ
1. Book การพยาบาล
หนังสือสำรอง
สถานะ=หนังสือสำรอง
WY161 ข275ก ฉ.1 
  Barcode: 23291
ห้องสมุดวิทยาเขตนครสวรรค์
►หนังสือทั่วไป:l:General Books
บนชั้น
2. Book การพยาบาล
Book การพยาบาล
WY161 ข275ก ฉ.2 
  Barcode: 23292
ห้องสมุดวิทยาเขตนครสวรรค์
►หนังสือทั่วไป:l:General Books
บนชั้น
3. Book การพยาบาล
Book การพยาบาล
WY161 ข275ก ฉ.3 
  Barcode: 23293
ห้องสมุดวิทยาเขตนครสวรรค์
►หนังสือทั่วไป:l:General Books
บนชั้น
4. วิทยาศาสตร์การแพทย์ และสุขภาพ
วิทยาศาสตร์การแพทย์ และสุขภาพ
WY161 ข275ก ฉ.4 
  Barcode: 27980
ห้องสมุดวิทยาเขตนครสวรรค์
►หนังสือทั่วไป:l:General Books
บนชั้น
5. วิทยาศาสตร์การแพทย์ และสุขภาพ
วิทยาศาสตร์การแพทย์ และสุขภาพ
WY161 ข275ก ฉ.5 
  Barcode: 27981
ห้องสมุดวิทยาเขตนครสวรรค์
►หนังสือทั่วไป:l:General Books
บนชั้น
6. วิทยาศาสตร์การแพทย์ และสุขภาพ
วิทยาศาสตร์การแพทย์ และสุขภาพ
WY161 ข275ก ฉ.6 
  Barcode: 27982
ห้องสมุดวิทยาเขตนครสวรรค์
►หนังสือทั่วไป:l:General Books
บนชั้น
7. วิทยาศาสตร์การแพทย์ และสุขภาพ
วิทยาศาสตร์การแพทย์ และสุขภาพ
WY161 ข275ก ฉ.7 
  Barcode: 27983
ห้องสมุดวิทยาเขตนครสวรรค์
►หนังสือทั่วไป:l:General Books
บนชั้น
8. วิทยาศาสตร์การแพทย์ และสุขภาพ
วิทยาศาสตร์การแพทย์ และสุขภาพ
WY161 ข275ก ฉ.8 
  Barcode: 27984
ห้องสมุดวิทยาเขตนครสวรรค์
►หนังสือทั่วไป:l:General Books
บนชั้น

รายการใกล้เคียง
    ผู้แต่ง [ขวัญฤทัย พันธุ]

BibComment


ยังไม่เคยถูกคอมเมนท์

คอมเมนท์ทรัพยากรรายการนี้
  คอมเมนท์: การรักษาแผลกดทับส..


 Copyright 2026. Bcnsprnw @Library